00337nam a2200133Ia 4500008004100000041000800041082001500049100001900064245004200083260002900125300003200154365001100186440000600197240624s9999 xx 000 0 und d aeng a346.07 JIN aJINDAL HARI OM aBUSINESS EXPENDITURE LAW AND PRACTICE c2007aNew DelhibTaxmann ai-236, : 749 : p. : cm ; 24 cRSb20 v1